000 00488nam a2200169Ia 4500
003 0
005 20230802102626.0
008 201002s9999 xx 000 0 und d
020 _a978-0-00-725866-6
050 _aPZ 7
_b.C54 2008
100 _aClark, Emma Chichester
245 _cEmma Chichester Clark
_aMelrose and Croc : a hero's birthday
260 _aLondon :
_bHarper Collins Publishers
_c2008
300 _a 32 pages
_c26 cm.
500 _aChildren's stories.
942 _2lcc
_cBK
999 _c364571
_d364571